000 00813nab a2200253 u 4500
001 14539
003 HDC
007 cr bn ---aaaaa
008 210215c my dr|nes 0 |0may
040 _aHDC
100 _aHAFIZ ITHNIN,
_eauthor
_97623
245 0 _aPenapis air halal /
_cby HAFIZ ITHNIN
260 _a[no place] :
_b[publisher not identified],
_c[no year]
336 _atext
_2rdacontent
337 _acomputer
_2rdamedia
338 _aonline resource
_2rdacarrier
650 _aHalal certificate
_9482
650 _aWater filter
_915075
710 _aMY METRO
856 _zRequest full-text at [email protected]
942 _2lcc
942 _cNEWS
942 _kNWSO 004502
999 _c11855
_d11855